Stav a vývoj účtovníctva vo svetle nadnárodných úprav a jeho dôsledky pre vzdelávanie v oblasti účtovníctva na vysokých školách zborník z medzinárodného odborného seminára

Salvato in:
Dettagli Bibliografici
Ente Autore: Fakulta hospodárskej informatiky EU. Katedra účtovníctva a audítorstva
Natura: Libro
Lingua:slovacco
ceco
Pubblicazione: Bratislava Ekonomická univerzita 1999
Soggetti:
Tags: Aggiungi Tag
Nessun Tag, puoi essere il primo ad aggiungerne!!

MARC

LEADER 00000nam a2200000 4500
001 c115925
005 20221102132905.1
020 |a 80-225-1198-6 
041 0 |a slo 
041 0 |a cze 
044 |a SK 
245 1 0 |a Stav a vývoj účtovníctva vo svetle nadnárodných úprav a jeho dôsledky pre vzdelávanie v oblasti účtovníctva na vysokých školách  |b zborník z medzinárodného odborného seminára 
264 1 |a Bratislava  |b Ekonomická univerzita  |c 1999 
300 |a 118 s. 
610 2 0 |a účtovníctvo 
610 2 0 |a úpravy právne 
610 2 0 |a účtovníctvo manažérske 
610 2 0 |a systémy informačné manažérske 
610 2 0 |a kontroling 
610 2 0 |a kalkulácia 
610 2 0 |a porovnanie medzinárodné 
610 2 0 |a zdaňovanie 
610 2 0 |a školy vysoké odborné 
610 2 0 |a spolupráca vedecká medzinárodná 
110 2 |a Fakulta hospodárskej informatiky EU. Katedra účtovníctva a audítorstva